000 00323nam a2200145Ia 4500
100 _aMukhi Vijay
942 _cBK
654 _aVisual basics controls
245 _aWriting Visual Basics Controls
260 _bB.B.P.
_aNew Delhi
_c1995
082 _a5.13
_bPAN
300 _a140
546 _aENGLISH
999 _c30711
_d30711